000 00240nam a22001217a 4500
041 _aENG
100 _aKurt.B
245 _aLOntozes
260 _aBudapest
_bA Vizugyi Dokumetacios Es
_c1978
300 _a627
650 _a48
856 _u48
999 _c3107
_d3107